Les 20 joueurs le plus souvent élus meilleurs buteurs en championnats. - Statistiques

Statistiques générales
  • Ce quiz a été pris 398 fois
  • Le résultat moyen est 12 sur 20
Statistiques - réponses
Titres de
meilleurs
buteurs
Joueurs Championnats % Correct
5 Cristiano Ronaldo Premier League07/08 Liga 10/11-13/14-14/15 Serie A 20/21
99%
8 Lionel Messi Liga09/10-11/12-12/13-16/17-17/18-18/19-19/20-20/21
99%
5 Kylian Mbappe Ligue 118/19-19/20-20/21-21/22-22/23
98%
8 Robert Lewandowski Bundesliga13/14-15/16-17/18-18/19-19/20-20/21-21/22 Liga 22/23
95%
5 Zlatan Ibrahimovic Serie A08/09-11/12 Ligue 1 12/13-13/14-15/16
87%
3 Edinson Cavani Serie A12/13 Ligue 1 16/17-17/18
81%
3 Harry Kane Premier League15/16-16/17-20/21
75%
2 Karim Benzema Ligue 107/08 Liga 21/22
74%
4 Thierry Henry Premier League01/02-03/04-04/05-05/06
73%
4 Ciro Immobile Serie A13/14-17/18-19/20-21/22
70%
2 Luis Suarez Premier League13/14 Liga 15/16
66%
2 Didier Drogba Premier League06/07-09/10
44%
2 Robin Van Persie Premier League11/12-12/13
42%
3 Pauleta Ligue 101/02-05/06-06/07
36%
2 Pierre-Emerick Aubameyang Bundesliga16/17 Premier League 18/19
32%
3 Luca Toni Serie A05/06-14/15 Bundesliga 07/08
25%
2 Djibril Cisse Ligue 101/02-03/04
21%
2 Edin Dzeko Bundesliga09/10 Serie A 16/17
21%
2 Antonio Di Natale Serie A09/10-10/11
16%
2 Diego Forlan Liga04/05-08/09
16%
Aucun quiz correspondant
Distribution des résultats
% des personnes avec chaque résultat
Percentile par nombre de réponses
Votre historique - résultats
Vous n’avez pas pris ce quiz